| 000 | 00663nam a2200181Ia 4500 | ||
|---|---|---|---|
| 008 | 100921s9999 xx 000 0 und d | ||
| 082 |
_b39458 _a891.463 न 04 |
||
| 100 | _aप्रधान मधुकर लक्ष्मण. | ||
| 245 | _aस्वप्नफुलोरा. | ||
| 260 |
_bप्रपंच प्रकाशन, पुण्ेा. _c2004 |
||
| 300 |
_a99 _bकलाभारती वितरण,पुणे |
||
| 365 | _b100 | ||
| 520 | _aललित-कथा. | ||
| 630 | _aस्वप्नफुलोरा. | ||
| 650 | _aललित-कथा. | ||
| 730 | _aस्वप्नफुलोरा. | ||
| 942 | _cBOOK | ||
| 999 |
_c788571 _d788568 |
||